000 00261nam a2200109Ia 4500
008 220204s9999 xx 000 0 und d
082 _a082.09
_bDAV
100 _aDavenport, B
245 0 _aPortable Roman reader
260 _aEngland
_bPenguin
_c1951
942 _cBK
999 _c33061
_d33061